[Event "Valdivia op 2nd"]
[Site "Valdivia"]
[Date "2021.09.19"]
[Round "5"]
[White "Romero Troncoso, Liset Anais"]
[Black "Montero Martinez, Cristian"]
[Result "0-1"]
[WhiteElo "1622"]
[BlackElo "2080"]
[PlyCount "108"]
[EventDate "2021.09.16"]
[EventType "swiss"]
[EventRounds "6"]
[EventCountry "CHI"]
[SourceTitle "CBM 204 Extra"]
[Source "ChessBase"]
[SourceDate "2021.11.30"]
[SourceVersion "1"]
[SourceVersionDate "2021.11.30"]
[SourceQuality "1"]

1. e4 d6 2. d4 Nf6 3. Nc3 e5 4. dxe5 dxe5 5. Qxd8+ Kxd8 6. Bc4 Be6 7. Bxe6 fxe6 8. Bd2 Nbd7 9. f3 Bc5 10. Nge2 Ke7 11. 0-0-0 h6 12. Kb1 a6 13. Nc1 Raf8 14. Nd3 Bd6 15. h4 Nh5 16. Ne2 Nf4 17. Nexf4 exf4 18. Bc3 e5 19. h5 Rhg8 20. Nf2 Nf6 21. Nd3 Ke6 22. Rh2 g6 23. hxg6 Rxg6 24. Rdh1 h5 25. a3 Rfg8 26. Ne1 Bc5 27. Nd3 Bd6 28. Ne1 c5 29. Rf1 b6 30. Rf2 a5 31. Ka2 c4 32. Re2 Rc8 33. Bd2 Rg7 34. c3 Bc5 35. Nc2 Rcg8 36. Ne1 b5 37. Kb1 Rh7 38. Nc2 Rhg7 39. Ne1 Rg3 40. Kc1 R8g5 41. Rh3 Nd7 42. Rxg3 Rxg3 43. Nc2 Be7 44. Kd1 Nc5 45. Ne1 Rg8 46. Bc1 Nb3 47. Nc2 Bc5 48. Bd2 Rd8 49. Ke1 Rd3 50. g3 Nxd2 51. Rxd2 fxg3 52. Rg2 Rxf3 53. Ke2 Rf2+ 54. Rxf2 gxf2 0-1

[Event "CHI-ch (Women)"]
[Site "Rancagua"]
[Date "2019.10.10"]
[Round "2.1"]
[White "Cortes Pasten, Soledad"]
[Black "Romero Troncoso, Liset Anais"]
[Result "0-1"]
[WhiteElo "1160"]
[BlackElo "1653"]
[PlyCount "88"]
[EventDate "2019.10.10"]
[EventType "swiss"]
[EventRounds "7"]
[EventCountry "CHI"]
[SourceTitle "EXT 2024"]
[Source "ChessBase"]
[SourceDate "2023.10.10"]
[SourceVersion "1"]
[SourceVersionDate "2023.10.10"]
[SourceQuality "1"]

1. e4 e5 2. Nf3 Nf6 3. Nc3 Bb4 4. Bc4 d6 5. d3 Bxc3+ 6. bxc3 Nc6 7. 0-0 b6 8. Re1 Bb7 9. Bb2 Qe7 10. Nd2 0-0-0 11. d4 Nb8 12. Bd3 h5 13. Qe2 h4 14. a4 a5 15. f3 Nh5 16. Nb3 Nf4 17. Qf1 Rh6 18. Bc1 g5 19. c4 Nd7 20. c5 dxc5 21. Ba6 cxd4 22. Bxb7+ Kxb7 23. Rb1 Ka7 24. Qc4 Nb8 25. Qb5 Qb4 26. Qxb4 axb4 27. Bxf4 gxf4 28. Nc1 c5 29. Nd3 Nc6 30. Kf2 Rg8 31. Rg1 Rhg6 32. Nb2 f6 33. Nc4 Na5 34. Nd6 R6g7 35. Nf5 Rh7 36. Nd6 Kb8 37. Ke2 Kc7 38. Nb5+ Kc6 39. Kf2 Nc4 40. Ke2 Ne3 41. Kd2 Rhg7 42. g3 hxg3 43. hxg3 fxg3 44. Ra1 g2 0-1

[Event "Pan American-ch U14 Girls"]
[Site "Santiago de Chile"]
[Date "2018.07.27"]
[Round "8"]
[White "Sanchez Tobar, Francisca Valentina"]
[Black "Romero Troncoso, Liset Anais"]
[Result "1/2-1/2"]
[WhiteElo "1682"]
[BlackElo "1581"]
[PlyCount "73"]
[EventDate "2018.07.22"]
[EventType "swiss"]
[EventRounds "9"]
[EventCountry "CHI"]
[SourceTitle "EXT 2022"]
[Source "ChessBase"]
[SourceDate "2021.10.06"]
[SourceVersion "1"]
[SourceVersionDate "2021.10.06"]
[SourceQuality "1"]

1. e4 d6 2. d4 Nd7 3. Nf3 g6 4. Be3 Bg7 5. Nc3 e5 6. Bc4 h6 7. Qd2 Ngf6 8. h3 c6 9. dxe5 dxe5 10. Bb3 Qe7 11. Rd1 g5 12. 0-0 0-0 13. Qd6 Qxd6 14. Rxd6 Re8 15. Rfd1 Bf8 16. R6d3 b5 17. a3 a5 18. Kh2 Rb8 19. Kg1 Rb7 20. Nd2 Rc7 21. a4 bxa4 22. Nxa4 Ba6 23. Bc4 Bb5 24. Nc3 Rb8 25. g3 Nc5 26. Bxc5 Bxc5 27. Bxb5 cxb5 28. Nd5 Nxd5 29. Rxd5 Ba7 30. c3 f6 31. Nf3 b4 32. Rxa5 Bb6 33. Raa1 bxc3 34. bxc3 Rxc3 35. Kg2 Rc2 36. Rd2 Rxd2 37. Nxd2 1/2-1/2

[Event "Santiago Region-ch (Women) 2nd"]
[Site "Santiago de Chile"]
[Date "2018.04.15"]
[Round "5.1"]
[White "Sanchez Tobar, Francisca Valentina"]
[Black "Romero Troncoso, Liset Anais"]
[Result "1/2-1/2"]
[WhiteElo "1648"]
[BlackElo "1692"]
[PlyCount "40"]
[EventDate "2018.04.14"]
[EventType "swiss"]
[EventRounds "6"]
[EventCountry "CHI"]
[SourceTitle "EXT 2024"]
[Source "ChessBase"]
[SourceDate "2023.10.10"]
[SourceVersion "1"]
[SourceVersionDate "2023.10.10"]
[SourceQuality "1"]

1. e4 e5 2. Nf3 Nf6 3. d4 Nxe4 4. Bd3 d5 5. Nxe5 Bd6 6. 0-0 0-0 7. Nd2 Bxe5 8. dxe5 f5 9. f4 Qe7 10. Qe2 Nc5 11. Nf3 Nxd3 12. Qxd3 c6 13. Bd2 Nd7 14. Be3 Qb4 15. a3 Qe7 16. Qe2 Re8 17. Rad1 Nf8 18. Qf2 Ne6 19. Nd4 Nxd4 20. Bxd4 b6 1/2-1/2

[Event "Pan American-ch U12 Girls 27th"]
[Site "Montevideo"]
[Date "2016.07.30"]
[Round "8"]
[White "Romero Troncoso, Liset Anais"]
[Black "Feller, Gabriela Luisa Vice"]
[Result "1/2-1/2"]
[WhiteElo "1375"]
[BlackElo "1495"]
[PlyCount "139"]
[EventDate "2016.07.25"]
[EventType "swiss"]
[EventRounds "9"]
[EventCountry "URU"]
[SourceTitle "EXT 2017"]
[Source "ChessBase"]
[SourceDate "2016.10.25"]
[SourceVersion "1"]
[SourceVersionDate "2016.10.25"]
[SourceQuality "1"]

1. e4 c5 2. d3 d6 3. g3 g6 4. Bg2 Bg7 5. c3 Nc6 6. Nf3 e6 7. 0-0 Nge7 8. Nh4 0-0 9. f4 f5 10. Be3 Rb8 11. Rf2 b5 12. exf5 exf5 13. Re2 a6 14. Nd2 b4 15. cxb4 Nxb4 16. Qb3+ Kh8 17. Nc4 Be6 18. Bf2 Nbc6 19. Qd1 Bxc4 20. dxc4 Rxb2 21. Rxb2 Bxb2 22. Rb1 Bd4 23. Nf3 Bxf2+ 24. Kxf2 Qc7 25. Ng5 Re8 26. Qa4 Rc8 27. Qxa6 Qa5 28. Qxa5 Nxa5 29. Nf7+ Kg7 30. Nxd6 Rd8 31. Rb5 Nec6 32. Bxc6 Nxc6 33. Nb7 Rd2+ 34. Ke3 Rxa2 35. Rxc5 Ra3+ 36. Kf2 Nb4 37. Ra5 Rc3 38. c5 Rc2+ 39. Kg1 Kh6 40. Nd8 Kh5 41. Ne6 Kg4 42. Ng5 h6 43. h3+ Kxg3 44. Ra3+ Kxf4 45. Ne6+ Ke4 46. Ra4 Rc4 47. c6 Kd5 48. Nf8 g5 49. c7 Rc1+ 50. Kf2 Nd3+ 51. Ke3 Rxc7 52. Kxd3 Ke5 53. Ra5+ Kf6 54. Ra6+ Kf7 55. Ne6 Rd7+ 56. Nd4 Kg7 57. Rc6 f4 58. Ke4 Ra7 59. Nf5+ Kg8 60. Rxh6 Ra4+ 61. Nd4 Kg7 62. Rc6 f3 63. Kxf3 Rxd4 64. Kg3 Rf4 65. Rb6 Rh4 66. Ra6 Rh6 67. Rxh6 Kxh6 68. Kg4 Kg6 69. h4 gxh4 70. Kxh4 1/2-1/2

[Event "Pan American-ch U12 Girls 27th"]
[Site "Montevideo"]
[Date "2016.07.26"]
[Round "3"]
[White "Prado Matos, Briguithe Margoth"]
[Black "Romero Troncoso, Liset Anais"]
[Result "0-1"]
[WhiteElo "1583"]
[BlackElo "1375"]
[PlyCount "62"]
[EventDate "2016.07.25"]
[EventType "swiss"]
[EventRounds "9"]
[EventCountry "URU"]
[SourceTitle "EXT 2017"]
[Source "ChessBase"]
[SourceDate "2016.10.25"]
[SourceVersion "1"]
[SourceVersionDate "2016.10.25"]
[SourceQuality "1"]

1. e4 e5 2. Nf3 Nc6 3. Bb5 Bc5 4. 0-0 Nge7 5. c3 Bb6 6. d4 exd4 7. cxd4 d5 8. e5 0-0 9. Be3 Bg4 10. Kh1 a6 11. Ba4 Nf5 12. Bxc6 bxc6 13. Rg1 Nxe3 14. fxe3 c5 15. Qd2 Qd7 16. Ne1 cxd4 17. exd4 Qa4 18. Nc2 Bf5 19. b3 Qc6 20. Ne3 Be4 21. Na3 Qh6 22. Rad1 f5 23. Nec2 f4 24. Ne1 Rf5 25. Nf3 Rh5 26. Rdf1 Rf8 27. b4 Rff5 28. Nb1 Bxf3 29. gxf3 Rh3 30. Nc3 Bxd4 31. Nxd5 Rfh5 0-1

[Event "South America-ch U10 Girls 11th"]
[Site "Montevideo"]
[Date "2014.09.11"]
[Round "6"]
[White "Romero Troncoso, Liset Anais"]
[Black "Lima, Aine Carolina"]
[Result "0-1"]
[WhiteElo "1379"]
[BlackElo "1623"]
[PlyCount "48"]
[EventDate "2014.09.08"]
[EventType "swiss"]
[EventRounds "9"]
[EventCountry "URU"]
[SourceTitle "EXT 2016"]
[Source "ChessBase"]
[SourceDate "2015.10.08"]
[SourceVersion "1"]
[SourceVersionDate "2015.10.08"]
[SourceQuality "1"]

1. e4 c5 2. d3 e6 3. g3 d5 4. Nd2 Nc6 5. Bg2 Nge7 6. f4 g6 7. Ngf3 Bg7 8. c3 0-0 9. 0-0 Rb8 10. g4 f5 11. gxf5 exf5 12. Qc2 b5 13. b3 b4 14. e5 Bh6 15. Ne1 Qb6 16. Kh1 bxc3 17. Qxc3 Nd4 18. Nc2 Ne2 19. Qb2 Nxf4 20. Nb1 Nxd3 21. Qc3 Nxc1 22. Qe1 d4 23. Qh4 g5 24. Qxh6 Qxh6 0-1